Southville International School and Colleges
Your cart is empty.
  • Cart
  • Lists
    Public lists Eva Luna New books Lux_list list_1
    Your lists Log in to create your own lists
  • Log in to your account
  • Your cookies
  • Search history
Southville International School and Colleges
  • Advanced search
  • Recent comments
  • Most popular
  • Libraries

Log in to your account

Log in with GOOGLE


If you do not have an external account, but do have a local account, you can still log in:

  1. Home
  2. MARC view: Magic artist : how to draw the little mermaid /
Normal view MARC view ISBD view

Magic artist : how to draw the little mermaid / (Record no. 12246)

[ view plain ]
MARC details
000 -LEADER
fixed length control field 00676nam a22002177a 4500
003 - CONTROL NUMBER IDENTIFIER
control field PILC
005 - DATE AND TIME OF LATEST TRANSACTION
control field 20151020153642.0
008 - FIXED-LENGTH DATA ELEMENTS--GENERAL INFORMATION
fixed length control field 130927t xxu||||| |||| 00| 0 eng d
020 ## - INTERNATIONAL STANDARD BOOK NUMBER
International Standard Book Number 9780721484839
050 ## - LIBRARY OF CONGRESS CALL NUMBER
Classification number NC 730
Item number .D612 2003
082 ## - DEWEY DECIMAL CLASSIFICATION NUMBER
Classification number NC 730
Item number .D612 2003
245 ## - TITLE STATEMENT
Title Magic artist : how to draw the little mermaid /
260 ## - PUBLICATION, DISTRIBUTION, ETC. (IMPRINT)
Place of publication, distribution, etc Australia :
Name of publisher, distributor, etc Ladybird,
Date of publication, distribution, etc c2003.
300 ## - PHYSICAL DESCRIPTION
Extent 32 p. :
Other physical details ill., col,
Dimensions 28 cm.
440 ## - SERIES STATEMENT/ADDED ENTRY--TITLE
Title How to draw
9 (RLIN) 21975
650 ## - SUBJECT ADDED ENTRY--TOPICAL TERM
Topical term or geographic name as entry element Little mermaid (Motion picture)
9 (RLIN) 21976
650 ## - SUBJECT ADDED ENTRY--TOPICAL TERM
Topical term or geographic name as entry element Cartoon characters
General subdivision Juvenile literature
9 (RLIN) 21977
650 ## - SUBJECT ADDED ENTRY--TOPICAL TERM
Topical term or geographic name as entry element Drawing
General subdivision Technique
-- Juvenile literature
9 (RLIN) 21978
942 ## - ADDED ENTRY ELEMENTS (KOHA)
Source of classification or shelving scheme Library of Congress Classification
Koha item type Books
Holdings
Withdrawn status Lost status Source of classification or shelving scheme Damaged status Home library Current library Shelving location Date acquired Total Checkouts Full call number Barcode Date last seen Copy number Price effective from Koha item type
    Library of Congress Classification   Luxembourg Library Luxembourg Library Grade School Section 09/28/2013   NC 730 .D612 2003 14708 04/10/2017 1 10/03/2013 Books

Magic artist : how to draw the little mermaid /

APA

(2003). Magic artist : how to draw the little mermaid. Australia: Ladybird.

Chicago

2003. Magic artist : how to draw the little mermaid. Australia: Ladybird.

Harvard

(2003). Magic artist : how to draw the little mermaid. Australia: Ladybird.

MLA

Magic artist : how to draw the little mermaid. Australia: Ladybird. 2003.

  • Place hold
  • Print
  • Cite
  • Add to your cart (remove)
  • Save record
    BIBTEX Dublin Core MARCXML MARC (non-Unicode/MARC-8) MARC (Unicode/UTF-8) MARC (Unicode/UTF-8, Standard) MODS (XML) RIS
  • More searches
    Search for this title in:
    Other Libraries (WorldCat) Other Databases (Google Scholar) Online Stores (Bookfinder.com) Open Library (openlibrary.org)

Exporting to Dublin Core...

SOUTHVILLE LIBRARY

Southville International School and Colleges Library

1281 Tropical Ave. Cor. Luxembourg St., BF Homes International, Las Pinas City

Tel. No. 8256374 / 252358 Loc. 117/146

Powered by Koha